000 00855nam a2200229 a 4500
001 47868
003 BD-RjUL
005 20211209054417.0
008 160810s2002 bg |||| ||| 000 0 ben d
020 _c: Tk. 80.00
035 _a(BD-RjUL)47987
040 _aBD-RjUL
_bben
_cBD-RjUL
_dBD-RjUL
041 _aben
082 _223
_a891.443
_bDHO 2002
245 1 0 _aধরিত্রীর রুপরেখা /
_cসৈয়দা সুরাইয়া হক সম্পদানা
260 _aরাজশাহী :
_bবাংলাদেশ লেখিকা সংঘ,
_c২০০২
300 _a[৪] ৭৫ পৃ. ;
_c২১ সেমি.
650 _aবাংলা উপন্যাস
_9145291
650 _aBengali fiction
_9145292
700 _aহক, সৈয়দা সুরাইয়া
_9145293
942 _2ddc
_cBK
999 _c47868
_d47868